| 000 | 00646nam a22002057a 4500 | ||
|---|---|---|---|
| 003 | OSt | ||
| 005 | 20260309082323.0 | ||
| 008 | 260309b |||||||| |||| 00| 0 eng d | ||
| 020 | _a1-59339-005-X | ||
| 040 |
_aDWCL-Main Lib _cOC |
||
| 082 | _aGR. 700.92 B862 2004 | ||
| 110 |
_aBRITANICA _eCorporate Author |
||
| 245 | _aBritanica learning library : artist around the world | ||
| 260 |
_aChicago : _bEncyclopaedia Britanica, _c c2003 |
||
| 300 |
_a64 p. : _bill. (chiefly col.) ; _c29 cm. |
||
| 504 | _a1. Includes glossary and index. | ||
| 650 | _aArtist - Around the world. | ||
| 650 | _aArtist - Encyclopedias. | ||
| 942 |
_2ddc _cGR _mGR. _n0 |
||
| 999 |
_c8761 _d8761 |
||